Statistics for Answers Contain Space

Click here to take the quiz!

General Stats

  • This quiz has been taken 31,871 times
    (6,585 since last reset)
  • The average score is 13 of 20

Answer Stats

Clue Answer % Correct
Astronaut outer wearSpace Suit
97%
Website overtaken by FacebookMySpace
89%
Seattle landmarkSpace Needle
87%
Mir or the ISS, e.g.Space Station
85%
Cold War contest between
USA and USSR
Space Race
84%
When an astronaut goes
outside the ship
Space Walk
83%
Challenger or Atlantis, e.g.Space Shuttle
81%
Michael Jordan movieSpace Jam
74%
Delete key alternativeBackspace
72%
One named for Hubble was
launched in 1990
Space Telescope
69%
Arcade game released in 1978Space Invaders
66%
Debris that orbits EarthSpace Junk
63%
Taylor Swift:
"I've got a _____ _____ baby /
And I'll write your name"
Blank Space
63%
Disney roller coasterSpace Mountain
61%
4-D continuum described
by Einstein
Spacetime
53%
Star Trek series that aired
until 1999
Deep Space
Nine
48%
Movie about printers, staplers,
and TPS reports
Office Space
47%
David Bowie songSpace Oddity
42%
The virtual world of the internetCyberspace
37%
One of these in Hong Kong
sold for a record $760,000
Parking Space
16%

Score Distribution

Percentile by Number Answered

Percent of People with Each Score

Your Score History

You have not taken this quiz since the last reset